Small animal surgery / (Record no. 1447)

MARC details
000 -LEADER
fixed length control field 01220nam a22003497a 4500
001 - CONTROL NUMBER
control field 20275191
003 - CONTROL NUMBER IDENTIFIER
control field OSt
005 - DATE AND TIME OF LATEST TRANSACTION
control field 20241126143008.0
008 - FIXED-LENGTH DATA ELEMENTS--GENERAL INFORMATION
fixed length control field 240628b |||||||| |||| 00| 0 eng d
010 ## - LIBRARY OF CONGRESS CONTROL NUMBER
LC control number 2018000640
020 ## - INTERNATIONAL STANDARD BOOK NUMBER
International Standard Book Number 9780323077620 (hardcover : alk. paper)
035 ## - SYSTEM CONTROL NUMBER
System control number (DNLM)101719017
040 ## - CATALOGING SOURCE
Original cataloging agency KMU
Transcribing agency KMU
Description conventions rda
Language of cataloging eng
Modifying agency KMU
042 ## - AUTHENTICATION CODE
Authentication code pcc
050 00 - LIBRARY OF CONGRESS CALL NUMBER
Classification number SF 911
100 1# - MAIN ENTRY--PERSONAL NAME
Personal name Fossum, Theresa Welch,
Relator term author.
245 10 - TITLE STATEMENT
Title Small animal surgery /
Statement of responsibility, etc. Theresa Welch Fossum ; illustrator, Laura Pardi Duprey.
250 ## - EDITION STATEMENT
Edition statement 4th ed.
263 ## - PROJECTED PUBLICATION DATE
Projected publication date 1806
264 #1 - PRODUCTION, PUBLICATION, DISTRIBUTION, MANUFACTURE, AND COPYRIGHT NOTICE
Place of production, publication, distribution, manufacture Philadelphia, PA :
Name of producer, publisher, distributor, manufacturer Elsevier, Inc.,
Date of production, publication, distribution, manufacture, or copyright notice [2019]
300 ## - PHYSICAL DESCRIPTION
Extent xv, 1568p.:
Dimensions 29 cm.
Other physical details ill, photos (colors).
336 ## - CONTENT TYPE
Content type term text
Source rdacontent
337 ## - MEDIA TYPE
Media type term unmediated
Source rdamedia
338 ## - CARRIER TYPE
Carrier type term volume
Source rdacarrier
500 ## - GENERAL NOTE
General note Preceded by Small animal surgery / [edited by] Theresa Welch Fossum ; Laura Pardi Duprey, Theodore G. Huff, medical illustrators. 4th ed. 2013.
504 ## - BIBLIOGRAPHY, ETC. NOTE
Bibliography, etc. note Includes bibliographical references and index.
650 12 - SUBJECT ADDED ENTRY--TOPICAL TERM
Topical term or geographic name entry element Surgery, Veterinary
650 22 - SUBJECT ADDED ENTRY--TOPICAL TERM
Topical term or geographic name entry element Animal Diseases
General subdivision surgery
650 22 - SUBJECT ADDED ENTRY--TOPICAL TERM
Topical term or geographic name entry element Animals, Domestic
General subdivision surgery
906 ## - LOCAL DATA ELEMENT F, LDF (RLIN)
a 7
b cbc
c orignew
d 1
e ecip
f 20
g y-gencatlg
942 ## - ADDED ENTRY ELEMENTS (KOHA)
Source of classification or shelving scheme Library of Congress Classification
Koha item type Non-Fiction
Edition 4th ed.
Suppress in OPAC No
Holdings
Withdrawn status Lost status Source of classification or shelving scheme Damaged status Not for loan Collection Home library Current library Shelving location Date acquired Total Checkouts Full call number Barcode Date last seen Price effective from Koha item type
    Library of Congress Classification     Non-fiction Kapasa Makasa University Kapasa Makasa University Open Access 26.11.2024   SF 911 Fos 749224 26.11.2024 26.11.2024 Non-Fiction
    Library of Congress Classification     Non-fiction Kapasa Makasa University Kapasa Makasa University Open Access 26.11.2024   SF 911 Fos 749223 26.11.2024 26.11.2024 Non-Fiction
    Library of Congress Classification     Non-fiction Kapasa Makasa University Kapasa Makasa University Open Access 26.11.2024   SF 911 Fos 749222 26.11.2024 26.11.2024 Non-Fiction